Advance in Soil science: Soil Quality And Biofuel Production (Record no. 14319)
[ view plain ]
| 000 -LEADER | |
|---|---|
| fixed length control field | 00343nam a22001337a 4500 |
| 020 ## - INTERNATIONAL STANDARD BOOK NUMBER | |
| ISBN | 9781439800737 |
| 082 ## - DEWEY DECIMAL CLASSIFICATION NUMBER | |
| Classification number | 631.4 |
| Item number | LAL/AD |
| 245 ## - TITLE STATEMENT | |
| Title | Advance in Soil science: Soil Quality And Biofuel Production |
| 260 ## - PUBLICATION, DISTRIBUTION, ETC. (IMPRINT) | |
| Place of publication | New Y ork |
| Name of publisher | CRC Press |
| Year of publication | 2014 |
| 300 ## - PHYSICAL DESCRIPTION | |
| Number of Pages | 210 |
| 700 ## - ADDED ENTRY--PERSONAL NAME | |
| Personal name | Rattan, Lal |
| 700 ## - ADDED ENTRY--PERSONAL NAME | |
| Personal name | Stewart,B.A |
| 942 ## - ADDED ENTRY ELEMENTS (KOHA) | |
| Koha item type | Books |
| Withdrawn status | Lost status | Damaged status | Collection code | Home library | Current library | Shelving location | Date acquired | Source of acquisition | Cost, normal purchase price | Full call number | Accession Number | Koha item type |
|---|---|---|---|---|---|---|---|---|---|---|---|---|
| KAUAET | KAUAET | General Stacks | 16/06/2016 | Ganesh Book Center Trivanrum | 3795.00 | 631.4 LAL/AD | 24610 | Books |
